000 00888nam a22002297a 4500
005 2012091702562.0
008 120917t xxu||||| |||| 00| 0 eng d
010 _aENG-105872
020 _a9789381031773
_c900.00
035 _aEN-89405
037 _bDBAD/PUB
040 _aDPL
_bEnglish
082 _a954.035
100 _aBiswal , S.K.
_951878
245 _aSocial and political thought of Mahatma Gandhi /
_cby S.K. Biswal
260 _aNew Delhi
_bArise Publishers & Distributors
_c2012
270 _a4648/1,21, Ansari Road, Daryaganj
_bNew Delhi
_e110002
_mnab@newagebooksindia.com
300 _a264p.
_c22cm(Hb)
500 _aIncludes bibliographical references and index
942 _2ddc
_cEN
_h954.035
_mBIS
999 _c70051
_d70051